Sendmail : Theory and practice

Sendmail: Theory and Practice, 2E, is an authoritative and accessible guide to establishing and maintaining an electronic mail system using this powerful but very difficult software program. Highly regarded by the Sendmail community, this book is the only dedicated tutorial on the topic.

Αποθηκεύτηκε σε:
Λεπτομέρειες βιβλιογραφικής εγγραφής
Κύριος συγγραφέας: Vixie, Paul A.
Μορφή: Βιβλίο
Γλώσσα:Undetermined
Έκδοση: Boston Digital Press 2002
Θέματα:
Ετικέτες: Προσθήκη ετικέτας
Δεν υπάρχουν, Καταχωρήστε ετικέτα πρώτοι!
Thư viện lưu trữ: Trung tâm Học liệu Trường Đại học Cần Thơ
LEADER 00887nam a2200217Ia 4500
001 CTU_138351
008 210402s9999 xx 000 0 und d
020 |c 19.95 
082 |a 004.692 
082 |b V598 
100 |a Vixie, Paul A. 
245 0 |a Sendmail : 
245 0 |b Theory and practice 
245 0 |c Paul A. Vixie, Prederick M. Aviolo. 
260 |a Boston 
260 |b Digital Press 
260 |c 2002 
520 |a Sendmail: Theory and Practice, 2E, is an authoritative and accessible guide to establishing and maintaining an electronic mail system using this powerful but very difficult software program. Highly regarded by the Sendmail community, this book is the only dedicated tutorial on the topic. 
650 |a Electronic mail systems,Hệ thống mail điện tử 
904 |i Hồng Thơ 
980 |a Trung tâm Học liệu Trường Đại học Cần Thơ